| 000 | 00451nam a22001697a 4500 | ||
|---|---|---|---|
| 005 | 20221219171717.0 | ||
| 008 | 221219b |||||||| |||| 00| 0 eng d | ||
| 020 | _a978--935014--751-1 | ||
| 041 | _aeng | ||
| 082 | _a621.4-SAM-A | ||
| 100 |
_aSAMAL ,Dr. MANORANJAN _97400 |
||
| 245 | _aADVANCED CONSTRUCTION TECHNIQUES AND EQUIPMENT | ||
| 250 | _a1st ed. | ||
| 260 |
_aNEW DELHI _bS.K. KATARIA & SONS _c2023 |
||
| 300 | _a366;P. | ||
| 942 | _cBK | ||
| 999 |
_c8123 _d8121 |
||